000 01243cam a2200373 a 4500
999 _c3498
_d3498
001 15291474
003 OSt
005 20191107174917.0
008 080507s2008 enk 001 0 eng
010 _a 2008399463
015 _aGBA819169
_2bnb
016 7 _a014514850
_2Uk
020 _a9780850928402 (pbk.)
020 _a0850928400 (pbk.)
035 _a(OCoLC)ocn195639214
040 _aUKM
_cUKM
_dBTCTA
_dNLGGC
_dBAKER
_dYDXCP
_dSUC
_dIXA
_dDLC
042 _aukscp
_alccopycat
043 _ab------
050 0 0 _aHQ1240.5.C72
_bK33 2008
082 _a305.3 KAB 2008
084 _a83.07
_2bcl
100 1 _aKabeer, Naila.
_96931
245 1 0 _aMainstreaming Gender in Social Protection for the Informal Economy
260 _aLondon;
_bCommonwealth Secretariat,
_c2008.
300 _axviii, 411 p. ;
_c26 cm.
440 0 _aNew gender mainstreaming series on development issues
_97522
500 _aIncludes index.
650 _aGender studies
_913030
650 _aInformal sector
_913031
856 4 1 _3Table of contents
_uhttp://www.loc.gov/catdir/toc/fy0804/2008399463.html
906 _a7
_bcbc
_ccopycat
_d2
_encip
_f20
_gy-gencatlg
942 _2ddc
_cSLOAN